Veterinary pharmacology and therapeutics
Veterinary Pharmacology and Therapeutics provides a comprehensive resource for students learning basic and applied principles of veterinary pharmacology and therapeutics
Uloženo v:
| Médium: | Kniha |
|---|---|
| Jazyk: | Undetermined |
| Vydáno: |
Ames
Iowa State University Press
2001
|
| Témata: | |
| Tagy: |
Přidat tag
Žádné tagy, Buďte první, kdo otaguje tento záznam!
|
| Thư viện lưu trữ: | Trung tâm Học liệu Trường Đại học Cần Thơ |
|---|
| LEADER | 00771nam a2200205Ia 4500 | ||
|---|---|---|---|
| 001 | CTU_134601 | ||
| 008 | 210402s9999 xx 000 0 und d | ||
| 020 | |c 179.99 | ||
| 082 | |a 636.08957 | ||
| 082 | |b V586 | ||
| 245 | 0 | |a Veterinary pharmacology and therapeutics | |
| 245 | 0 | |c Edited by H. Richard Adams | |
| 260 | |a Ames | ||
| 260 | |b Iowa State University Press | ||
| 260 | |c 2001 | ||
| 520 | |a Veterinary Pharmacology and Therapeutics provides a comprehensive resource for students learning basic and applied principles of veterinary pharmacology and therapeutics | ||
| 650 | |a Veterinary pharmacology,Drug therapy,Poisoning,Pharmacology | ||
| 650 | |x Veterinary,Veterinary | ||
| 904 | |i Bạch Trúc | ||
| 980 | |a Trung tâm Học liệu Trường Đại học Cần Thơ | ||